000
00276nam a2200109Ia 4500
008
190216s9999||||xx |||||||||||||| ||und||
100
_a
Dr.Balakrishnan Nair
245
0
_a
Hindi-Bhuniyadi Avishkar
260
_b
New Age International Publishers
650
_a
Hindi
942
_c
BK
999
_c
15886
_d
15886